| 000 | 00551nam a22001697a 4500 | ||
|---|---|---|---|
| 999 |
_c188652 _d188652 |
||
| 005 | 20220530154956.0 | ||
| 010 | _aENG-132890 | ||
| 020 |
_a9788184255400 _c350.00 |
||
| 035 | _aEN-116422 | ||
| 037 | _bDBAD/PUB | ||
| 082 | _a621.3191 | ||
| 245 |
_aWorkshop on Threat of Voltage Instability in power Systems/ _cEdited by M.K. Verma |
||
| 260 |
_aMumbai _bAllied Publishers Private Limited _c2009 |
||
| 270 |
_a15 J.N. Heredia Marg, Ballard Estate _bMumbai _e400001 |
||
| 300 |
_a153p. _c28cm(pbk) |
||
| 942 |
_2ddc _cEN _h621.3191 _mWOR |
||